000 00384nam a22001457a 4500
003 OSt
005 20160727222341.0
008 160620b xxu||||| |||| 00| 0 eng d
040 _cTEST
100 _9112
_aPenner, M
245 _aPaul and the unfriendly Town
_bPaul and the unfriendly Town
260 _aU.S.A
_b Concontia
_c1976
300 _aPaul and the unfriendly Town
942 _2ddc
_cBK
999 _c86
_d86